000 01223cam a2200337 a 4500
003 CHAP
005 20220329142042.0
008 990430s1998 mx o00110 spa d
010 _a77676
011 _a78648
035 _a88665
040 _cCHAP
082 0 4 _a607
_bP76 Pue.
110 2 _aPrograma Elemental de Asistencia Técnica. México
_992318
245 0 _aEvaluación del programa en el estado de :
_bPuebla PEAT-97
_c/coord. por Colegio de Postgraduados
260 _aMéxico, D.F. :
_bInstituto Nacional de Capacitacion del Sector Agropecuario. A.C.,
_c[1998?]
300 _a188 p.
590 _aBATCH-UPD
_b10
_c20130110
_lUCH01
_h1139
590 _aBATCH-UPD
_b10
_c20130410
_lUCH01
_h0726
590 _aBATCH-UPD
_b10
_c20130913
_lUCH01
_h2135
590 _aBATCH-UPD
_b10
_c20130914
_lUCH01
_h1923
590 _aCONVERSION
_b10
_c20130109
_lUCH01
_h1343
650 1 4 _aAgricultura
_xPuebla.
_91775
650 1 4 _aAyuda técnica.
_99035
650 1 4 _aProgramas de capacitación
_xEvaluación.
_992377
710 0 _aColegio de Postgraduados. Montecillo, Méx.
_925095
901 _aBK
905 _aLilia Sánchez G.
942 _cLIBRO
949 _a607 P76 Pue.
_bBC
_cUACH
_d886651
_eUACH
_h95132
_i88665
_kDonaciØn
_sb
999 _c77676
_d77676